| 000 | 00528nam a2200169 4500 | ||
|---|---|---|---|
| 003 | CO-ViMGA | ||
| 020 | _a9583014230 | ||
| 040 |
_aCO-ViMGA _bspa _cCO-ViMGA |
||
| 082 | 0 | 4 |
_a927 _bV17a |
| 100 | 1 |
_aVargas, Claudia Patricia. _96115 |
|
| 245 | 1 | 0 |
_aAntonio Gaudí : _bla arquitectura de la naturaleza / _cClaudia Patricia Vargas. |
| 260 |
_aColombia: _bPanamericana, _c2004. |
||
| 300 |
_a100 p. : _bil. ; 21 cm |
||
| 490 | _aColección 100 personajes-autores. | ||
| 700 | 1 |
_aGaudí I. Cornet, Antoni, _d1852-1926. _96116 |
|
| 942 | _cBK | ||
| 999 |
_c37447 _d37447 |
||